000 01030cam a22002534a 4500
999 _c58188
_d58188
001 12546237
005 20240213113415.0
008 010926s2001 enka 001 0 eng
020 _a007136207Xx
041 _aeng
080 _a004.2 C-21
100 1 _aCarter, Nicholas
_q
_912395
245 1 0 _aSchaum's outline of computer architecture /
_cNicholas Carter.
264 _aNew York :
_bMcGraw-Hill,
_c2001.
300 _a306 p. :
_bill. ;
_c28 cm.
490 0 _aSchaum's outline series
653 _aსაინფორმაციო ტექნოლოგიები
653 _aგამოთვლითი მექანიკა
653 _aკომპიუტერი არქიტექტურაში
700 _aGilson, Barbara
_eრედაქტორი
_912396
856 4 2 _3Contributor biographical information
_uhttp://www.loc.gov/catdir/bios/mh041/2001052142.html
856 4 2 _3Publisher description
_uhttp://www.loc.gov/catdir/description/mh024/2001052142.html
942 _2udc
_cBK